| 000 | 00411nam a2200145Ia 4500 | ||
|---|---|---|---|
| 008 | 230403s9999 xx 000 0 und d | ||
| 020 | _a978-93-90619-54-2 | ||
| 041 | _aeng | ||
| 082 | _aSO/301/PRA/B10138 | ||
| 100 | _aPrakash P | ||
| 245 | _aTextbook of Applied Sociology and Psychology for BSc Nuesing Students | ||
| 260 |
_bCBS Publishers _aNew Delhi _c2022 |
||
| 300 | _a544p | ||
| 999 |
_c144300 _d144300 |
||